Top Countries Whose Tourists Visit London - Statistics

General Stats
  • This quiz has been taken 908 times
  • The average score is 15 of 17
Answer Stats
# Country % Correct
1,904 France
99%
1,878 United States
99%
1,295 Germany
97%
866 Spain
97%
434 Canada
94%
1,072 Italy
94%
516 Sweden
90%
687 Netherlands
88%
480 Norway
87%
611 Ireland
86%
419 Poland
86%
531 Belgium
85%
687 Australia
84%
378 Denmark
81%
244 India
80%
454 Switzerland
75%
220 Brazil
64%
No matching quizzes found
Score Distribution
Percent of People with Each Score
Percentile by Number Answered
Your Score History
You have not taken this quiz